000 00972nas a2200313 4500
001 BR0706684
003 BR-BrBNA
005 20231205111025.0
007 ta
008 230509b bl.|||p| |||| 00| 00por d
040 _aBR-BrBNA
_bpor
_cBiblioteca Nacional de Agricultura
041 _a(Pt)
072 _aQ52; Q54
100 1 _aAlmeida, J. de
100 1 _aCosta, B.M. da
100 1 _aLedo, C.A. da S.
100 1 _aTavares, J.T. de Q.
245 1 _aEfeito do processo de desidratação e do tempo de armazenamento sobre a composição química do feno de Pennisetum purpureum Schum. cv. Roxo
650 _aFENO
650 _aCAPIM ELEFANTE
650 _aFENAÇÃO
650 _aFORRAGEM
650 _aDESIDRATAÇÃO
650 _aARMAZENAMENTO
650 _aCOMPOSIÇÃO QUÍMICA
773 0 _tMagistra (Brazil)
_xISSN 0102-5333
_g(Apr-Jun 2007), v. 19(2) p. 170-175
_wBR0706684
909 _a202311
_bLúcia
_c55
_dLúcia Elande
942 _2AGRIS
_n0
_cANA
999 _c190240
_d190240